000
00285pab a2200109 454500
008
180718b xxu||||| |||| 00| 0 eng d
100
_a
Khatkhate, Deena
245
_a
Union budget: unrevealed preferences
650
_a
Budget - India
773
_a
Economic and Political Weekly
909
_a
2499
999
_c
2499
_d
2499